000 00389nam a2200145 a 4500
005 20140412111240.0
008 110128s19uu xx 00 eng d
020 _a1-56293-433
050 _aTR(PS E
_bPi55 1994
100 _aNayer, Judy
245 _aPig in a Wig :
_ba phonix flap book /
_cJudy Nayer.
260 _aNY :
_bMcClanahan,
_c1994.
440 _aLift the flap
999 _c102693
_d102693